02413cam a2200289 a 4500001001000000003000900010005001700019008004100036020001500077040002500092082001800117245014700135246004600282260007900328300002900407504003300436505064300469505072901112650003501841650003801876650003401914650004101948700004001989700002702029700003202056700003502088000002901DO-SdBNP20220721122115.0010115s1999 mx a 001 p spa  a968625983X aDO-SdBNPbspacBNPHU aM861.4bC569a00a100 años de poesía en Aguascalientes :b50 poetas /cselección, introducción y notas, María del Carmen Arellano Olivas ... [et al.].3 aCien años de poesía en Aguascalientes aAguascalientes, Mexico :bUniversidad Autónoma de Aguascalientes,c1999. a238 p. :bils. ;c23 cm. aBibliografías : p. 227-2340 aDesiderio Macías Silva -- Enrique Fernández Ledesma -- Ricardo Esquer -- Alejandro Sandoval -- Juan Carlos Quiroz -- Carolina Castro Padilla -- Josefina Esparza -- Antonio Esparza -- Mario Mora Barba -- Luis Avelar González -- Jorge Antonio Villalobos -- Miguel Ángel Méndez -- Miguel Ángel Sahagún -- Victor Sandoval -- Dolores Castro -- Salvador Gallardo (hijo) -- Rubén Chávez -- Salvador Gallardo Cabrera -- Benjamín Valdivia -- Rosa Luz de Luna -- Socorro Noemí D. Macías -- Roberto Quiroz Benítez -- Patricia González Richmond -- Eudoro Fonseca Yerena -- Sofia Ramírez -- Salvador Gallardo Dávalos --0 aArnulfo d'Luna -- Eduardo López -- Carlos López Moctezuma -- Agustín Lascazas -- Rodolfo Meza -- Oscar Santos -- Eduardo J. Correa -- Juan Pablo de Ávila -- Fabian Muñoz -- Jorge Alfonso Chávez Gallo -- Armando Quiroz Benítez -- Arlette Luévano Díaz -- Patricia Ortíz -- Jesús Reyes Ruiz -- Humberto Brand Sánchez -- José de Jesús Lara Huerta -- Edmundo Games Orozco -- Guillermo García Varela -- Ricardo Orozco -- Jorge Castillo -- Juan Manuel Aranda Mata -- Elisa Guerra -- Liliana Ramírez -- Eduardo J. Correa -- Armando Alonso de Alba -- Antonio Esparza -- Carolina Castro Padilla -- Oscar Santos -- Dolores Castro -- Patricia González Richmond -- Jorge Castillo -- Benjamín Valdivia. 4aPoesía mexicanaxColecciones 4aPoesía mexicanazAguascalientes 4aLiteratura mexicanaySIGLO XX 4aLiteratura latinoamericanaySIGLO XX12aArellano Olivas, María del Carmen12aGiacinti Comte, Alicia12aRamírez Carballo, Yolanda12aSandoval Cornejo, Martha Lilia